000 00933nam a22002897a 4500
003 CHAP
005 20220329133638.0
008 971013s1984 r 00010 d
010 _a8983
011 _a9955
035 _a9192
040 _cCHAP
082 _a624.1
_bW4Y
100 0 0 _aWest, Harry H.
_9121525
245 _aAnálisis de estructuras; una integración de los métodos clásicos y modernos
260 _aMéxico, D. F. :
_bCECSA,
_c1984
300 _a719 p.
_b: ilus. ; gráfs
590 _aBATCH-UPD
_b10
_c20130110
_lUCH01
_h1156
590 _aBATCH-UPD
_b10
_c20130410
_lUCH01
_h0739
590 _aBATCH-UPD
_b10
_c20130914
_lUCH01
_h1328
590 _aCONVERSION
_b10
_c20130109
_lUCH01
_h1306
650 1 4 _aEstructuras, teoría de las.
_938487
650 1 4 _aIngeniería de estructuras.
_958217
901 _aBK
942 _cLIBRO
949 _a624.1 W4Y
_bBC
_cLIBRO
_d33724000018032
_eLIBRO
_gI.c/e
_h77955
_i9192
_si
_t35.80
999 _c8983
_d8983